All NBA Teams in 2020's - Statistics

General Stats
  • This quiz has been taken 129 times
  • The average score is 87 of 90
Answer Stats
Season Team Answer % Correct
2019-20 First Team Los Angeles Lakers Anthony Davis
100%
2023-24 Second Team Los Angeles Lakers Anthony Davis
100%
2019-20 First Team Milwaukee Bucks Giannis Antetokounmpo
100%
2020-21 First Team Milwaukee Bucks Giannis Antetokounmpo
100%
2021-22 First Team Milwaukee Bucks Giannis Antetokounmpo
100%
2022-23 First Team Milwaukee Bucks Giannis Antetokounmpo
100%
2023-24 First Team Milwaukee Bucks Giannis Antetokounmpo
100%
2024-25 First Team Milwaukee Bucks Giannis Antetokounmpo
100%
2019-20 First Team Houston Rockets James Harden
100%
2024-25 Third Team Los Angeles Clippers James Harden
100%
2019-20 First Team Dallas Mavericks Luka Dončić
100%
2020-21 First Team Dallas Mavericks Luka Dončić
100%
2021-22 First Team Dallas Mavericks Luka Dončić
100%
2022-23 First Team Dallas Mavericks Luka Dončić
100%
2023-24 First Team Dallas Mavericks Luka Dončić
100%
2021-22 First Team Boston Celtics Jayson Tatum
99%
2022-23 First Team Boston Celtics Jayson Tatum
99%
2023-24 First Team Boston Celtics Jayson Tatum
99%
2024-25 First Team Boston Celtics Jayson Tatum
99%
2019-20 Third Team Boston Celtics Jayson Tatum
99%
2022-23 First Team Philadelphia 76ers Joel Embiid
99%
2020-21 Second Team Philadelphia 76ers Joel Embiid
99%
2021-22 Second Team Philadelphia 76ers Joel Embiid
99%
2019-20 First Team Los Angeles Lakers LeBron James
99%
2020-21 Second Team Los Angeles Lakers LeBron James
99%
2024-25 Second Team Los Angeles Lakers LeBron James
99%
2021-22 Third Team Los Angeles Lakers LeBron James
99%
2022-23 Third Team Los Angeles Lakers LeBron James
99%
2023-24 Third Team Los Angeles Lakers LeBron James
99%
2020-21 First Team Denver Nuggets Nikola Jokić
99%
2021-22 First Team Denver Nuggets Nikola Jokić
99%
2023-24 First Team Denver Nuggets Nikola Jokić
99%
2024-25 First Team Denver Nuggets Nikola Jokić
99%
2019-20 Second Team Denver Nuggets Nikola Jokić
99%
2022-23 Second Team Denver Nuggets Nikola Jokić
99%
2020-21 First Team Golden State Warriors Stephen Curry
99%
2021-22 Second Team Golden State Warriors Stephen Curry
99%
2022-23 Second Team Golden State Warriors Stephen Curry
99%
2024-25 Second Team Golden State Warriors Stephen Curry
99%
2023-24 Third Team Golden State Warriors Stephen Curry
99%
2021-22 First Team Phoenix Suns Devin Booker
98%
2023-24 Third Team Phoenix Suns Devin Booker
98%
2024-25 First Team Cleveland Cavaliers Donovan Mitchell
98%
2022-23 Second Team Cleveland Cavaliers Donovan Mitchell
98%
2020-21 First Team Los Angeles Clippers Kawhi Leonard
98%
2019-20 Second Team Los Angeles Clippers Kawhi Leonard
98%
2023-24 Second Team Los Angeles Clippers Kawhi Leonard
98%
2021-22 Second Team Brooklyn Nets Kevin Durant
98%
2023-24 Second Team Phoenix Suns Kevin Durant
98%
2019-20 Third Team Houston Rockets Russell Westbrook
98%
2022-23 First Team Oklahoma City Thunder Shai Gilgeous-Alexander
98%
2023-24 First Team Oklahoma City Thunder Shai Gilgeous-Alexander
98%
2024-25 First Team Oklahoma City Thunder Shai Gilgeous-Alexander
98%
2019-20 Second Team Portland Trail Blazers Damian Lillard
97%
2020-21 Second Team Portland Trail Blazers Damian Lillard
97%
2022-23 Third Team Portland Trail Blazers Damian Lillard
97%
2023-24 Second Team New York Knicks Jalen Brunson
97%
2024-25 Second Team New York Knicks Jalen Brunson
97%
2022-23 Second Team Miami Heat Jimmy Butler
97%
2019-20 Third Team Miami Heat Jimmy Butler
97%
2020-21 Third Team Miami Heat Jimmy Butler
97%
2021-22 Third Team Minnesota Timberwolves Karl-Anthony Towns
97%
2024-25 Third Team New York Knicks Karl-Anthony Towns
97%
2023-24 Second Team Minnesota Timberwolves Anthony Edwards
96%
2024-25 Second Team Minnesota Timberwolves Anthony Edwards
96%
2021-22 Second Team Chicago Bulls DeMar DeRozan
95%
2021-22 Second Team Memphis Grizzlies Ja Morant
95%
2022-23 Second Team Boston Celtics Jaylen Brown
95%
2024-25 Third Team Detroit Pistons Cade Cunningham
94%
2019-20 Second Team Toronto Raptors Pascal Siakam
94%
2021-22 Third Team Toronto Raptors Pascal Siakam
94%
2019-20 Second Team Oklahoma City Thunder Chris Paul
93%
2020-21 Second Team Phoenix Suns Chris Paul
93%
2021-22 Third Team Phoenix Suns Chris Paul
93%
2022-23 Third Team Sacramento Kings Domantas Sabonis
93%
2023-24 Third Team Sacramento Kings Domantas Sabonis
93%
2020-21 Third Team Los Angeles Clippers Paul George
93%
2019-20 Third Team Utah Jazz Rudy Gobert
93%
2020-21 Third Team Utah Jazz Rudy Gobert
93%
2022-23 Third Team Sacramento Kings De'Aaron Fox
92%
2024-25 Second Team Cleveland Cavaliers Evan Mobley
92%
2020-21 Third Team Brooklyn Nets Kyrie Irving
92%
2023-24 Third Team Indiana Pacers Tyrese Haliburton
92%
2024-25 Third Team Indiana Pacers Tyrese Haliburton
92%
2021-22 Third Team Atlanta Hawks Trae Young
91%
2024-25 Third Team Oklahoma City Thunder Jalen Williams
90%
2020-21 Third Team Washington Wizards Bradley Beal
89%
2020-21 Second Team New York Knicks Julius Randle
87%
2022-23 Third Team New York Knicks Julius Randle
87%
2019-20 Third Team Philadelphia 76ers Ben Simmons
85%
No matching quizzes found
Score Distribution
Percent of People with Each Score
Percentile by Number Answered
Your Score History
You have not taken this quiz